000 00655nam a2200229Ia 4500
003 OSt
005 20220918202651.0
006 a|||||r|||| 00| 0
007 ta
008 220917b |||||||| |||| 00| 0 eng d
024 _a102,945
037 _cTextual
040 _aARTS
_cARTS
_beng
041 _2eng
_aeng
082 _aV2G,1:11(X), F9-;1 (EV)
100 _aMoreland W H
245 0 _aAgarian system of Muslim India
_b a historical essay with appendices
260 _aAllahabad
_bCentral Book Depot
_c1929
650 _aHISTORY
942 _hV2G,1:11(X), F9-;1 (EV)
_cTEXL
_2CC
999 _c226390
_d226390